隣接自治体が1つの市町村 - Statistics

General Stats
  • This quiz has been taken 369 times
  • The average score is 18 of 26
Answer Stats
所属都道府県 市町村 隣接自治体 備考 % Correct
神奈川県 三浦市 横須賀市
84%
香川県 小豆島町 土庄町
82%
北海道 利尻町 利尻富士町
81%
愛知県 田原市 豊橋市
81%
北海道 利尻富士町 利尻町
80%
香川県 土庄町 小豆島町
80%
宮城県 女川町 石巻市
78%
千葉県 館山市 南房総市
78%
鳥取県 日吉津村 米子市
76%
広島県 江田島市 呉市 橋上隣接
76%
愛知県 南知多町 美浜町
75%
山口県 周防大島町 柳井市 橋上隣接
73%
広島県 府中町 広島市
72%
愛媛県 伊方町 八幡浜市
66%
鹿児島県 南種子町 中種子町
66%
佐賀県 玄海町 唐津市
65%
和歌山県 太地町 那智勝浦町
63%
山口県 阿武町 萩市
63%
鹿児島県 西之表市 中種子町
63%
熊本県 苓北町 天草市
62%
長崎県 佐々町 佐世保市
56%
鹿児島県 知名町 和泊町
56%
鹿児島県 和泊町 知名町
56%
香川県 直島町 玉野市
54%
鹿児島県 長島町 阿久根市 橋上隣接
50%
鹿児島県 龍郷町 奄美市
50%
No matching quizzes found
Score Distribution
Percent of People with Each Score
Percentile by Number Answered
Your Score History
You have not taken this quiz